LEADER 00902nam a2200229 a 4500 001 000000031043 003 CaOOAMICUS 005 20141218144743.0 008 970926s1962 it u000 u ita r 035 $a10770596 040 $aPUL$bita 130 0 $aBiblia.$pN.T.$pMatthaeus.$lItaliano.$0(OLS)http://pul/title/158569 245 13$aIl Vangelo di Matteo /$c[Nuova traduzione dal testo greco a cura di Claudio Zedda ... ]. 260 $aAlpignano :$bA. Tallone,$c1962. 300 $axxii, 122 p. ;$c29 cm 700 1 $aZedda, Claudio.$0(OLS)http://pul/name/9367 850 $aPUL 852 $aPUL$W1$xDP2 Religione 1$y63$m1(7) E 41$j42886$nBK-PRI$qStampati$B42886$CPULBib$Z2$F42886 $H34881 $82 941 1 $a8 961 $aINV: 34881 996 $6245$aIl Vangelo di Matteo$9(OLS)http://pul/title/42662 996 $6260$aAlpignano :$bA. Tallone$9(OLS)http://pul/publisher/60905 LEADER 01212nam a2200289 u 4500 001 000000081132 003 CaOOAMICUS 005 20070226123725.0 008 050315s2000 it u000 u ita u 020 $a8833912299 035 $a11034177 040 $aPUL$bita 100 1 $aCimatti, Felice.$0(OLS)http://pul/name/54107 245 13$aLa scimmia che si parla :$blinguaggio autocoscienza e libertà nell'animale umano /$cFelice Cimatti. 260 $aTorino :$bBollati Boringhieri,$cc2000. 300 $a282 p. ;$c20 cm 490 1 $aTemi ;$v99 500 $aInclude indici. 504 $aBibliografia p. [253]-272. 650 4$aPsicolinguistica.$0(OLS)http://pul/subject/12201 830 0$aTemi (Bollati Boringhieri) ;$v99.$0(OLS)http://pul/title/79317 850 $aPUL 852 $aPUL$W1$xSL Filosofia 3$y81$m149 CIMFE 1$j103544$nBK-PRI$qDDC 21$B103544$CPULBib$Z2$F103544 $H97267 $82 941 1 $a9 996 $6020$a8833912299$9(OLS)http://pul/number/107440 996 $6245$aLa scimmia che si parla :$blinguaggio autocoscienza e libertà nell'animale umano$9(OLS)http://pul/title/106147 996 $6260$aTorino :$bBollati Boringhieri$9(OLS)http://pul/publisher/47883